000
00333nam a22001457a 4500
999
_c
9039
_d
9039
003
OSt
008
200715b ||||| |||| 00| 0 eng d
100
_a
Brown , Eric
245
_a
Pocket Medical Dictionary
250
_a
2013
260
_a
New Delhi
_b
Med Tech
300
_a
752
650
_a
Pharmacy General Books
942
_2
ddc
_c
BK